000 00869nam a2200301Ia 4500
003 OSt
005 20220912145126.0
006 a|||||r|||| 00| 0
007 ta
008 220909b |||||||| |||| 00| 0 eng d
020 _a9780387215075 (hbd)
024 _a113039
037 _cTextbook
040 _aCSL
_beng
_cCSL
041 _aeng
082 _aB6:3, P9 TB
100 _aInselberg Alfred
245 0 _aParallel coordinates:visual multidimensional geometry and its applications
260 _aNew York
_bSpringer
_c2009
300 _axiii, 554p.
_ccm.
500 _aBibliography 535-546p.; Index 547-554p.
650 _a Image processing
650 _a Mathematical optimization
650 _a Visulization
650 _aComputer vision
942 _hB6:3, P9 TB
_cTB
_2CC
999 _c23956
_d23956